| 000 | 01059nam a2200277 i 4500 | ||
|---|---|---|---|
| 001 | 24984 | ||
| 003 | ES-MaACL | ||
| 005 | 20250630161613.0 | ||
| 007 | t| | ||
| 008 | 021219s1988 sp a |||| |dspa d | ||
| 020 | _a84-451-0082-3 | ||
| 080 | _a792.7 Valencia, Tórtola (064.3) | ||
| 080 | _a74 Zamora, José de (064.3) | ||
| 245 | 0 | 4 |
_aUna aproximación al arte frívolo _b: Tórtola Valencia y José de Zamora : Teatro Albéniz, diciembre 1988-enero 1989 / _ccoordinación, documentación y catalogación, Andrés Pelaéz y Fernanda Andura. |
| 260 |
_aMadrid : _bConsejería de Cultura, _c1988. |
||
| 300 |
_a165 p. : _bil. col. y n. ; _c27 cm. |
||
| 600 | 1 | 4 |
_aValencia, Tórtola- _vExposiciones. _9147837 |
| 600 | 1 | 4 |
_aZamora, José ( _d1889-1971)- _vExposiciones. _9158717 |
| 655 | 7 |
_2tgfbne _9193628 _aCatálogos de exposiciones |
|
| 700 | 1 |
_aPeláez, Andrés, _d1968- _9173171 |
|
| 700 | 1 |
_aAndura, Fernanda. _921688 |
|
| 710 | 2 |
_aTeatro Albéniz (Madrid) _9147838 |
|
| 852 |
_aES-MaACL _jL-13234 |
||
| 942 | _2udc | ||
| 999 |
_c24984 _d24984 |
||